<?xml version="1.0" encoding="UTF-8"?><?xml-stylesheet type="text/xsl" href="static/style.xsl"?><OAI-PMH xmlns="http://www.openarchives.org/OAI/2.0/" xmlns:xsi="http://www.w3.org/2001/XMLSchema-instance" xsi:schemaLocation="http://www.openarchives.org/OAI/2.0/ http://www.openarchives.org/OAI/2.0/OAI-PMH.xsd"><responseDate>2026-04-13T18:22:49Z</responseDate><request verb="GetRecord" identifier="oai:www.recercat.cat:2072/473461" metadataPrefix="marc">https://recercat.cat/oai/request</request><GetRecord><record><header><identifier>oai:recercat.cat:2072/473461</identifier><datestamp>2024-11-04T07:15:32Z</datestamp><setSpec>com_2072_98</setSpec><setSpec>col_2072_378192</setSpec></header><metadata><record xmlns="http://www.loc.gov/MARC21/slim" xmlns:dcterms="http://purl.org/dc/terms/" xmlns:xsi="http://www.w3.org/2001/XMLSchema-instance" xmlns:doc="http://www.lyncode.com/xoai" xsi:schemaLocation="http://www.loc.gov/MARC21/slim http://www.loc.gov/standards/marcxml/schema/MARC21slim.xsd">
   <leader>00925njm 22002777a 4500</leader>
   <datafield ind2=" " ind1=" " tag="042">
      <subfield code="a">dc</subfield>
   </datafield>
   <datafield ind2=" " ind1=" " tag="720">
      <subfield code="a">Jané Checa, Oscar</subfield>
      <subfield code="e">author</subfield>
   </datafield>
   <datafield ind2=" " ind1=" " tag="260">
      <subfield code="c">2022</subfield>
   </datafield>
   <datafield ind2=" " ind1=" " tag="520">
      <subfield code="a">El texto aborda la evolución del análisis historiográfico que se ha llevado a cabo sobre la Cataluña moderna entre finales del siglo XVI y principios del XVIII. Aunque la frontera moderna de Cataluña puede ser múltiple, nos centramos esencialmente en aquella que va desde el Valle de Arán hasta el Mediterráneo. El texto abre con una primera reflexión sobre el camino hacia el cambio de modelo, luego evoca los efectos de las guerras con Francia, con algunos ejemplos concretos, como el de Cerdaña, y, por último, expone la realidad percibida y llevada a cabo con la nueva "fortificación" de la frontera catalana a finales del siglo XVII, cuando el control de Francia se hace evidente.</subfield>
   </datafield>
   <datafield ind2=" " ind1=" " tag="520">
      <subfield code="a">The text addresses the evolution of the historiographical analysis that of modern Catalonia between the end of the 16th and the beginning of the 18th century. Although the modern border of Catalonia may be multiple, the focus will essentially be upon the border that runs from the Arán Valley to the Mediterranean. The text opens with an initial reflection on the path towards a change of model, before evoking the effects of the wars with France, with some specific examples, such as that of Cerdanya, and finally presenting the reality perceived and manifested with the new "fortification" of the Catalan border at the end of the 17th century, when French control became evident.</subfield>
   </datafield>
   <datafield ind1="8" ind2=" " tag="024">
      <subfield code="a">http://hdl.handle.net/2072/473461</subfield>
   </datafield>
   <datafield tag="653" ind2=" " ind1=" ">
      <subfield code="a">Fronteras</subfield>
   </datafield>
   <datafield tag="653" ind2=" " ind1=" ">
      <subfield code="a">Fronterización</subfield>
   </datafield>
   <datafield tag="653" ind2=" " ind1=" ">
      <subfield code="a">Fortificación</subfield>
   </datafield>
   <datafield tag="653" ind2=" " ind1=" ">
      <subfield code="a">España</subfield>
   </datafield>
   <datafield tag="653" ind2=" " ind1=" ">
      <subfield code="a">Francia</subfield>
   </datafield>
   <datafield tag="653" ind2=" " ind1=" ">
      <subfield code="a">Cataluña</subfield>
   </datafield>
   <datafield tag="653" ind2=" " ind1=" ">
      <subfield code="a">Border</subfield>
   </datafield>
   <datafield tag="653" ind2=" " ind1=" ">
      <subfield code="a">Bordering</subfield>
   </datafield>
   <datafield tag="653" ind2=" " ind1=" ">
      <subfield code="a">Fortification</subfield>
   </datafield>
   <datafield ind2="0" ind1="0" tag="245">
      <subfield code="a">Controlar la frontera en Cataluña. Fortificar y dominar el espacio en la época moderna</subfield>
   </datafield>
</record></metadata></record></GetRecord></OAI-PMH>